Score 0/52 Timer 10:00
0 Plays Today
% Correct
ear
95.7%
eye
90.4%
Texas
85.7%
dog
85%
omega
84.1%
Tennessee
83.4%
Cupid
80.9%
Comet
80.4%
Zimbabwe
78.5%
Genesis
77.4%
dragon
77.1%
Volvo
69.6%
Zambia
68.8%
rope
68.4%
Kelly
67.9%
quantum
61.4%
Polk
61%
Arsenal
60.8%
Uzbekistan
59.8%
Hulk
59.2%
Volkswagen
57.7%
revolver
55.6%
Xerxes I
54.6%
quintet
43.8%
Flyers
43.6%
Lupin
43.6%
% Correct
immune
40.6%
Pierce
38.7%
Mercutio
38.5%
Xerxes II
34.9%
omicron
34%
Flames
33.5%
Aston Villa
33%
Lockhart
31.7%
United Arab Emirates
30.7%
Brandy
29.8%
Yttrium
29.2%
Galatians
28.8%
Jill
28.3%
Montague
25.9%
Nunavut
25.2%
Northwest Territories
22.9%
She Loves You
22.5%
Julie
22.4%
Ytterbium
20.4%
Kris
15.4%
Something
13.1%
West Side Story
12.8%
Wings
11.7%
integumentary
10.4%
Benedictine
9.2%
Howard the Duck
3.6%

You're not logged in!

Compare scores with friends on all Sporcle quizzes.
OR
Log In

Sporcle TV

Today on Sporcle TV


Watch our educational content, quiz creation guides, and fun videos on Sporcle TV.

Show Comments

Extras

Top Quizzes Today


Score Distribution

Your Account Isn't Verified!

In order to create a playlist on Sporcle, you need to verify the email address you used during registration. Go to your Sporcle Settings to finish the process.

Report this User

Report this user for behavior that violates our Community Guidelines.

Details: